000 00609nam a22002172 4500
001 0000004179
005 20151217145757.0
008 070521s xx 000 0 eng d
020 _a8129703688 :
040 _aKABU
_cKABU
050 0 _aQA76.76
_b.H94H65 2004
100 1 _aHolzner, Steven.
_@0000148384
245 1 0 _aSams teach yourself XML in 21 days.
250 _a3rd ed.
260 _aDelhi :
_bPearson Educ.,
_c2004.
300 _a851 p.
650 0 _aHML (Document markup language)
_@0000154600
908 _a070521
950 _@1
999 _c2512
_d2512